| 000 | 01633nam a2200241Ia 4500 | ||
|---|---|---|---|
| 001 | 205 | ||
| 005 | 20251210100336.0 | ||
| 008 | 251203t2004||||xx |||||||||||||| ||spa|| | ||
| 020 | _a9972752003 | ||
| 041 | _aESP | ||
| 082 |
_aRE 985 _bE56 |
||
| 110 | _aEmpresa Editora El Comercio | ||
| 245 | 0 |
_aEnciclopedia temática del Perú : _bTomos 1-16 |
|
| 250 | _aPrimera edición | ||
| 260 |
_aLima : _bEl Comercio, _c2004 |
||
| 300 |
_aVarias paginaciones : _b ilustraciones ; _c 28 cm. |
||
| 505 | _aContiene: Tomo 1: Incas, - Tomo 2: Conquista y virreinato; Busto Duthurburu, José Antonio del. - Tomo 3: República; Cayo Córdova, Percy. - Tomo 4: Organización del Estado; Rubio Correa, Marcial Antonio. - Tomo 5: Geografía; Peña Herrera, Carlos. - Tomo 6: Ecología; Brack Egg, Antonio. - Tomo 7: Sociedad; Manrique, Nelson. - Tomo 8: Diversidad cultural; Degregori, Carlos Iván. - Tomo 9: Primeras civilizaciones; Makowski, Krzysztof. - Tomo 10: Economía; Álvarez Rodrich, Augusto. - Tomo 11: CIencia y tecnología; López Soria, José Ignacio [y otros catorce]. - Tomo 12: Salud; García Cáceres, Uriel. - Tomo 13: Opinión pública; Mendoza Michilot, María [y otros cuatro]. - Tomo 14: Literatura; González Vigil, Ricardo. - Tomo 15: Arte y arquitectura; Wuffarden, Luis Eduardo [y otros cuatro]. - Tomo 16: Música, danza y tradiciones; Meza, Luis Antonio [y otros cuatro] | ||
| 650 | _aHIS | ||
| 653 | _aHistoria - Perú; Enciclopedia | ||
| 654 | _aCTP | ||
| 700 |
_aRostworowski de Diez Canseco, María; Busto Duthurburu, José Antonio del; Cayo Córdova, Percy [y otros trece] _cAUTS |
||
| 942 |
_cENC _dJUS _fTRC _2ddc |
||
| 999 |
_c205 _d205 |
||